Villes françaises avec une mauvaise description - Statistiques

Statistiques générales
  • Ce quiz a été pris 190 fois
  • Le résultat moyen est 7 sur 15
Statistiques - réponses
Hint Réponse % Correct
C'est grand. Ya une tour bizarre en forme de A Paris
97%
J'ai dansé sur le pont mais j'ai fini dans le Rhône Avignon
77%
Y a pas vraiment de tours Tours
77%
J'y suis allé, mais quand ? Quand ? Quand ? Caen
70%
C'est quoi cette arnaque ? C'est pas une île ? Lille
59%
Les maisons sont toutes rouges c'est bizarre Toulouse
55%
Je comprends pas, j'y étais allé pour voir les animaux du Père Noël mais il y en avait pas Rennes
54%
Pourquoi la cathédrale est noire ? Clermont Ferrand
41%
La Petite France... J'y ai pas vu de tour Eiffel maisdes canaux Strasbourg
40%
Il y a une grande maison carré, avec un batîment rond Nîmes
38%
C'est Nîmes mais en moins bien Arles
36%
Il y a des images de poulets partout Bourg en Bresse
20%
La mer est pas loin, et il y a une tour rouge bizarre Perpignan
13%
Il y a une grande place avec Napoléon au milieu... Mais c'est pas sa ville, nan ? La Roche sur Yon
12%
C'est la ville avec le plus haut pourcentage d'étudiantsen France. Non là j'avais aucune autre idée pour la décrire. Poitiers
11%
Aucun quiz correspondant
Distribution des résultats
% des personnes avec chaque résultat
Percentile par nombre de réponses
Votre historique - résultats
Vous n’avez pas pris ce quiz